Compendio de derecho natural

Salvato in:
Dettagli Bibliografici
Autori principali: Sancho Izquierdo, Miguel (Autore), Hervada Xiberta, Francisco Javier (Autore)
Natura: Libro
Lingua:spagnolo
Pubblicazione: Pamplona Universidad de Navarra 1980
Soggetti:
Tags: Aggiungi Tag
Nessun Tag, puoi essere il primo ad aggiungerne!!

MARC

LEADER 00000nam a2200000 a 4500
001 UCS9432
003 CL-VaPUC
008 971113e19800000SP |||||||||||||||||spa|d
082 0 4 |a 340.112  |b SAN  |2 21 
100 0 |a Sancho Izquierdo, Miguel  |e author  |9 394384 
700 |a Hervada Xiberta, Francisco Javier  |e author  |9 588604 
245 1 0 |a Compendio de derecho natural 
300 |a 230 p 
942 |c BK 
945 |d 19971113 00:00:00  |a aolguin 
260 |a Pamplona  |b Universidad de Navarra  |c 1980 
500 |a v.1: Desde los orígenes a la baja Edad Media 
500 |a v.2: Desde el Renacimiento hasta la actualidad 
600 0 |a Tomás de Aquino  |d 1220-1274  |c Santo  |9 255832 
600 0 |a Kant, Immanuel,  |d 1724-1804  |9 858687 
650 0 |a Derecho natural   |9 255041 
650 0 |a Etimología  |9 337976 
650 7 |a HISTORIA DE ESPAÑA SIGLOS 16-18  |2 CL-VaPUC  |9 255127 
650 0 |a Antigüedad  |9 335267 
650 0 |a Edad media  |9 258041 
650 0 |a Escolasticismo  |9 264998 
650 0 |a Renacimiento  |9 255107 
651 0 |a España  |9 254926 
583 |a last modification  |c 20160901 09:48:03  |k Rodrigo Vera 
999 |c 263233  |d 263231 
952 |0 0  |1 0  |4 0  |6 340_112000000000000_SAN_1980  |7 0  |8 DER_TF  |9 292417  |a BIBDER  |b BIBDER  |d 2019-11-19  |h v.1  |i 1898078  |o 340.112 SAN 1980  |p 1898078  |r 2023-01-25  |w 2019-11-19  |x Ubicación 4to Piso  |y BK  |z Estos recursos deben solicitarse con anticipación  |k DER 
952 |0 0  |1 0  |4 0  |6 340_112000000000000_SAN_1980  |7 0  |8 DER_TF  |9 292418  |a BIBDER  |b BIBDER  |d 2019-11-19  |h v.2  |i 1898337  |o 340.112 SAN 1980  |p 1898337  |r 2023-01-25  |w 2019-11-19  |x Ubicación 4to Piso  |y BK  |z Estos recursos deben solicitarse con anticipación  |k DER